000 00358nam a2200133Ia 4500
008 240624s9999 xx 000 0 und d
041 _aeng
082 _a332.1 STO
100 _aSTOWELL DAVID P
245 _aINVESTMENT BANKS HEDGE FUNDS AND PRIVATE
250 _a(2nd ed.)
260 _c2014
_aLondon
_bAcademic Press
300 _axxiv, : 645 : p. : cm. ; 24
999 _c28543
_d28543